000 00907aam a2200289 i 4500
001 768714001
003 CO-MdFUSB
005 20250421120301.0
007 ta
008 250421t19771978-usa|||| |||| 00| 0 spa d
040 _cCO-MdFUSB
041 0 _aspa
082 0 4 _223
_a891.623
_bL6731
100 1 _aLewis, C. S. (Clive Staples) (1898-1963)
_eautor
245 1 0 _aCrónicas de Narnia
_c/ C. S. Lewis ; traducido por Julio C. Orozco
264 1 _bCaribe,
_aMiami, Florida, USA :
_c[1977-1978]
264 4 _c©1977-1978
300 _a3 volúmenes
336 _2rdacontent
_atexto
_btxt
337 _2rdamedia
_asin mediación
_bn
338 _2rdacarrier
_avolumen
_bnc
505 _aTomo 1: El león, la bruja y el guardarropa Tomo 3: El viaje del "Aurora" Tomo 4: La silla de plata
653 _aLiteratura
700 _aOrozco O., Julio C.,
_911153
_etraductor
942 _cBK
945 _aJTF-925
999 _c42275
_d42275